| 000 | 00961nam a2200277 i 4500 | ||
|---|---|---|---|
| 001 | 000021809 | ||
| 003 | DO-SdBNP | ||
| 005 | 20230908102522.0 | ||
| 007 | ta | ||
| 008 | 100913s1994 dr ab r 000 0 spa d | ||
| 040 |
_aDO-SdBNP _bspa _cBNPHU _erda |
||
| 082 | 4 |
_a972.9373 _bB142b _222 |
|
| 100 | 1 |
_aBáez Díaz, Tomás, _d1909-2006 _936059 _eautor |
|
| 245 | 1 | 0 |
_aBaní : _bsu contribución a la independencia nacional / _cTomás Báez Díaz. |
| 264 |
_aSanto Domingo : _bDe Colores, _c1994. |
||
| 300 |
_a96 páginas : _bilustraciones, mapas ; _c21 cm. |
||
| 336 |
_2rdacontent _atexto _btxt |
||
| 337 |
_2rdamedia _asin mediación _bnc |
||
| 338 |
_2rdacarrier _avolumen _bn |
||
| 504 | _aBibliografía : p. 95-96 | ||
| 590 | _aInventariado, 2019/BT | ||
| 650 | 4 |
_aCiudades y pueblos _zRepública Dominicana _9784 |
|
| 651 | 4 |
_aBaní (República Dominicana{Rpara} _xHistoria Local _96339 |
|
| 910 | _aValidado. Control de calidad. MMOLINA | ||
| 942 |
_2ddc _cLBS1 |
||
| 999 |
_c21307 _d21307 |
||